Loading...
Fine Arts - Classical Music | 0 | 6 | 1 | 2 | 55 | 51 | 96.17 | 0 | 1 |
Literature - European Literature | 0 | 5 | 0 | 2 | 50 | 84 | 109.60 | 0 | 1 |
Literature - British Literature | 0 | 3 | 1 | 0 | 25 | 118 | 122.33 | 0 | 0 |
Literature - World/Other Literature | 0 | 3 | 1 | 1 | 25 | 109 | 131.00 | 0 | 1 |
Literature - American Literature | 0 | 2 | 0 | 0 | 20 | 63 | 96.00 | 0 | 0 |
Philosophy | 0 | 1 | 0 | 0 | 10 | 126 | 126.00 | 0 | 0 |
Fine Arts - Visual Fine Arts | 0 | 1 | 0 | 0 | 10 | 138 | 138.00 | 0 | 0 |
Social Science | 0 | 1 | 0 | 0 | 10 | 100 | 100.00 | 0 | 0 |
Science - Biology | 0 | 1 | 0 | 0 | 10 | 100 | 100.00 | 0 | 0 |
Fine Arts - Other Fine Arts | 0 | 1 | 1 | 1 | 5 | 134 | 134.00 | 0 | 0 |
History - Other History | 0 | 0 | 0 | 0 | 0 | 0.00 | 0 | 0 | |
Mythology | 0 | 0 | 1 | 0 | -5 | 0.00 | 0 | 0 | |
History - European History | 0 | 0 | 1 | 0 | -5 | 0.00 | 0 | 0 |